LEADER 00710nam0 2200253 450 001 000006918 005 20060818120250.0 010 $a88-348-3462-3 100 $a20060329d2004----km-y0itay50------ba 101 0 $aita 102 $aIT 105 $ay-------001yy 200 1 $aManuale di diritto ecclesiastico$fMario Tedeschi 205 $a3. ed. 210 $aTorino$cGiappichelli$d2004 215 $a343 p.$d24 cm 610 1 $aDiritto ecclesiastico 676 $a342.450852$v20 700 1$aTedeschi,$bMario$0287357 801 0$aIT$bUNIPARTHENOPE$c20060329$gRICA$2UNIMARC 912 $a000006918 951 $aDE-0003$b37429$cNAVA3 996 $aManuale di diritto ecclesiastico$9693860 997 $aUNIPARTHENOPE